Z jednej dve Zabudnutý hlavný vstup do mesta

Podrobná bibliografia
Hlavný autor: Duchoň, Jozef (Autor)
Médium: Článok
Jazyk:slovenčina
Predmet:

MARC

LEADER 00000nab a2200000 a 4500
001 vtls000891626
003 SK-MaSNL
005 20260303190220.0
008 040720e19940708xo 0 slo
035 |a KE665 
040 |a KEVKJB  |b slo  |c KEVKJB  |e AACR2 
041 0 |a slo 
044 |a xo  |c SK 
080 |a 908  |2 1981 
080 |a 801.311.1  |2 1981 
100 1 |a Duchoň, Jozef  |4 aut  |9 317656 
245 1 0 |a Z jednej dve  |b Zabudnutý hlavný vstup do mesta 
650 0 7 |a vlastiveda  |2 KEVKJB  |9 3887 
650 0 7 |a ulice mesta  |2 KEVKJB  |9 879228 
650 0 7 |a historické názvy  |2 KEVKJB  |9 29609 
651 7 |a Univerzitná ulica (Košice, Slovensko)  |2 KEVKJB  |9 1218301 
651 7 |a Košice (Slovensko)  |2 KEVKJB  |9 18694 
773 0 8 |t Košický večer  |g Roč. 5  |g Roč. 28, č.131, 8.7.1994, s. 8 
852 |a ZVYKNI  |b KIS3GCP 
999 |c 2135151  |d 2137081